000 00686nam a2200205 i 4500
001 25720
003 ES-MaACL
005 20260203063028.0
007 t|
008 030102q1915 sp ||||1| spa d
100 1 _aArderius, Francisco,
_d1870-1921
_9160067
245 1 0 _aPolítica hispanoamericana
_b: problemas de la emigración : España en América /
_cFrancisco Arderius.
260 _aMadrid :
_b[s.n.,
_c1915?] (
_fImp. Suc. Rivadeneyra)
300 _a222 p. ;
_c18 x 12 cm.
490 1 _aColección Mercurio
650 0 4 _aEspañoles-
_zAmérica Latina.
_9163615
830 0 _aColección Mercurio
_9186800
852 _aES-MaACL
_jG-1320
999 _c25720
_d25720